01879nam a2200181Ia 4500001001300000003001000013008004100023040002500064041000700089100003500096245010800131250001100239260003600250300001200286500131800298650004101616700004001657A2083-51682 IT-MiCISF161014s9999||||xx |||||||||||||| ||und|| aIT-MiCISFcIT-MiCISF ait aPilloni Francesco ( a cura di) 0aGuardo con ammirazione lo SposobIl Beato Giovanni Paolo II, profeta e testimone del mistero nuziale #  a1a ed. a Cantalupa (TO)bEffatàc2012 app. 159 aMangia C., Segura X., Muszynski H.Y. / spiritualità-coniugale, coppia, teologia, matrimonio-sacramento / Giovanni Paolo II rimane una figura amata e presente nella memoria collettiva. La Famiglia spirituale dell'Opera Madonnina del Grappa, promotrice del volume, sente un particolare legame con l'insegnamento di questo grande uomo di Dio. Da qui l'esigenza della sosta che si fa riflessione, quasi a voler prendere coscienza dei fili comuni e sottili che legano l'uno all'altra. Molti tratti sembrano infatti unire la figura di Karol Wojty?a - poi Giovanni Paolo II - a quella di Padre Enrico Mauri, fondatore dell'Opera Madonnina del Grappa. Entrambi sono stati resi partecipi della grande intuizione del mistero nuziale di Cristo e della Chiesa, quasi come di una luce che irradiasse in dono nuovo e fecondo l'articolazione della fede, rendendola partecipe di una forza e di uno slancio vivente, tale da coinvolgere tutto l'uomo e ogni uomo e donna. E' singolare validità di questo testo indicare come il mistero nuziale sia significativo non solo per i temi del matrimonio e della famiglia, con le questioni etiche e morali che implicano nella situazione presente, ma anche perché tocca una sensibilità che integra il tema dell'affettività nella riflessione e nella globalità della vita cristiana. a Temi di pastorale / matrimonioe012 aKwiatkowski Przemyslaw ( a cura di)